[Event "VII Sunway Sitges Open-TB 2020"]
[Site "Sitges"]
[Date "2020.12.23"]
[Round "1.1"]
[White "Korobov, Anton"]
[Black "Grigoryan, Karen H."]
[Result "1-0"]
[WhiteElo "2683"]
[BlackElo "2659"]
[Annotator "TA"]
[PlyCount "123"]
[EventDate "2020.12.13"]
[EventType "k.o."]
[EventCountry "ESP"]
[SourceTitle "playchess.com"]
[Source "ChessBase"]
[SourceQuality "1"]

{[%evp 22,123,12,0,0,0,0,-7,0,-8,0,-29,0,0,18,0,6,0,0,0,28,14,23,14,27,29,63,0,0,-6,0,0,3,-14,285,291,275,265,271,170,181,152,152,155,145,110,116,75,142,113,121,121,302,302,301,300,300,300,428,300,359,300,491,491,491,491,469,455,454,139,242,167,175,175,167,167,322,297,436,424,408,333,547,352,361,214,715,685,1831,1860,1736,1657,6852,7449,854,791,29984,29982,29982,29983,29987,29988,29988,29986]} 1. d4 Nf6 2. c4 e6 3. Nc3 Bb4 4. e3 d5 5. Nf3 O-O 6. Bd3 c5 7. O-O dxc4 8. Bxc4 cxd4 9. exd4 b6 10. Bg5 Bb7 11. Rc1 Nbd7 12. Re1 h6 {E54: Nimzo-Indian: Rubinstein: Main Line: 7...dxc4 8 Bxc4.} 13. Bh4 Rc8 14. Bd3 Be7 {The position is equal.} 15. Bb1 Re8 16. Bg3 {[#]} Nf8 $146 ({Predecessor:} 16... Nh5 17. Qd3 Nf8 18. Ne5 Nxg3 19. hxg3 Bb4 20. a3 Bxc3 21. bxc3 Qd5 22. Qf1 Qb3 {0-1 (40) Vargas,R-Diaz,H (2014) ICCF email 2016}) 17. Ne5 a6 18. Qd3 b5 19. Rcd1 b4 20. Na4 Qd5 {[%csl Gb7][%cal Rd5g2] [#]} 21. f3 {Hoping for Nb6.} Qa5 22. b3 Nd5 23. Rc1 Qb5 24. Qxb5 (24. Qd2 $14) 24... axb5 $11 25. Nc5 Ba8 26. Bd3 Nc3 27. a3 Rcd8 $2 {[%mdl 8192]} (27... Red8 $1 $11) 28. axb4 $18 Na2 29. Bxb5 Nxc1 30. Rxc1 Bg5 31. f4 Bf6 32. Bxe8 Rxe8 33. Ra1 Bd5 34. Ra7 Rb8 ({Black should try} 34... Ng6) 35. Be1 (35. Nxf7 Rxb4 36. Ne5 Rxd4 $11) 35... Ng6 36. g3 ({Reject} 36. Nxf7 $6 Bxd4+ 37. Bf2 Nxf4 $11) 36... Rb6 $2 (36... Ne7 $16 37. Ncd7 Bxe5 38. dxe5 Rc8) 37. Ncd7 Rb7 38. Rxb7 Bxb7 39. b5 {[%cal Bb4b5,Bb5b6][%mdl 32]} Bd8 (39... Nxe5 $142 40. fxe5 (40. dxe5 Bd8 $18) 40... Bd8) 40. b6 Bd5 41. Ba5 Be7 $2 (41... Nxe5 42. fxe5 (42. dxe5 Be7 $18) 42... Bxb6) 42. Nxg6 fxg6 {[%mdl 4096] Endgame KBB-KBN} 43. Nc5 Kf7 44. b4 Bc6 45. Nd3 $2 (45. b7 $18 {and White stays clearly on top.} Bd6 46. Bb6) 45... Ke8 (45... Bf6 $16 46. Ne5+ Bxe5 47. dxe5 Ke8) 46. Ne5 Be4 47. b5 {[#] Nc6 is the strong threat.} Bb7 48. Nxg6 Ba3 $2 (48... Bf6 {was necessary.} 49. Ne5 Kd8) 49. Kf2 Kd7 (49... Bd6 {was worth a try.} 50. Ke3 Kd7 51. Ne5+ Bxe5) 50. Ne5+ Kc8 51. Nd3 Bd5 $2 (51... Be7 {keeps fighting.} 52. Nc5 Bd5) 52. Nc5 Bc4 53. Ke3 Kb8 $2 (53... Bxc5 54. dxc5 Bxb5) 54. Ke4 g5 55. fxg5 hxg5 56. Bd2 Bxb5 57. Bxg5 {White threatens Bf4+ and mate.} Bc6+ 58. Ke5 Bb2 59. Bf4 {White mates.} Kc8 60. h4 Bc3 61. h5 Ba5 62. b7+ {[%mdl 64] Promotion.  Weighted Error Value: White=0.28/Black=0.62} 1-0

[Event "VII Sunway Sitges Open-TB 2020"]
[Site "Sitges"]
[Date "2020.12.23"]
[Round "1.1"]
[White "Moussard, Jules"]
[Black "Nevednichy, Vladislav"]
[Result "1/2-1/2"]
[WhiteElo "2626"]
[BlackElo "2546"]
[Annotator "TA"]
[PlyCount "152"]
[EventDate "2020.12.13"]
[EventType "k.o."]
[EventCountry "ESP"]
[SourceTitle "playchess.com"]
[Source "ChessBase"]
[SourceQuality "1"]

{[%evp 18,151,50,14,12,11,12,12,17,14,42,9,14,0,17,0,30,0,54,-24,-8,-8,-6,-32,0,-39,-28,-43,-18,-55,-51,-42,-40,-183,-46,-116,-89,-91,-108,-87,-83,-92,-31,-80,0,0,0,0,9,-154,10,11,87,96,97,35,103,0,90,-6,44,45,38,24,13,23,55,0,24,-120,-127,-156,-120,-143,-145,-164,-132,-231,-227,-242,-242,-228,-225,-224,-216,-211,-95,-95,-95,-95,-95,-95,-95,-95,-95,-95,-95,-95,-8,-95,-8,-59,-33,-59,-59,-66,-66,-66,-66,-104,-104,-104,-104,-104,0,0,0,-104,0,0,0,0,0,0,0,0,0,0,0,0,0,0,0,0,0,0]} 1. e4 d6 2. d4 Nf6 3. Nc3 e5 4. Nf3 Nbd7 5. Bc4 Be7 6. O-O O-O 7. Re1 c6 8. a4 a5 9. h3 Qc7 10. b3 exd4 {C41: Philidor Defence.} 11. Nxd4 Ne5 12. Bf1 Re8 13. Bf4 Qb6 14. Kh1 Bd7 15. Qd2 Rad8 16. Rad1 Bc8 17. Bh2 {[#]} Bf8 $146 (17... Ng6 $1 $11) ({Predecessor:} 17... h6 18. Qe3 Bf8 19. f4 Ng6 20. Qf3 Nh4 21. Qg3 Ng6 22. Qf3 Qb4 23. g3 Qb6 {0-1 (56) Mas,H (2413)-Bitoon,R (2504) Kuala Lumpur 2011}) 18. Nf5 (18. f4 $14) 18... Bxf5 $11 19. exf5 Ned7 20. Rxe8 Nxe8 21. Re1 d5 {Threatens to win with ...Bb4.} 22. Nd1 Nef6 23. f3 Bb4 24. c3 Bf8 25. g4 (25. Qb2 $1 $15) 25... h6 (25... Qxb3 $19 26. Qb2 Nc5 27. Qxb3 Nxb3) 26. h4 (26. Qb2 $1 $15) 26... Qxb3 27. g5 Qxa4 {White must now prevent ...Nh5.} 28. gxf6 Nxf6 ({Of course not} 28... Qxh4 $6 29. fxg7 Bxg7 30. Be2 $11) 29. Bg3 Bd6 (29... Nh5 $17 30. Kg2 Nxg3 31. Kxg3 Qa3) 30. Bf2 b5 (30... Re8 $17 31. Rxe8+ Nxe8) 31. Bd4 {Hoping for Bxb5!} Nh5 32. f6 $1 {[%cal Rf6g7]} Bf4 33. Qd3 (33. Ne3 $11) 33... c5 $2 ({And not} 33... Nxf6 34. Bxf6 gxf6 35. Nb2 $11) ({Stronger than} 33... gxf6 34. Bh3 $14) (33... Bg3 $1 $17 {[%cal Rg3e1]} 34. Nb2 Qa3) 34. Bxc5 Bg3 {[#]} (34... Be5 $11 {remains equal.} 35. Bd4 (35. Rxe5 $2 Qxh4+ {[%mdl 64] Double Attack} 36. Kg1 Qg3+ {[%mdl 64] Double Attack} 37. Kh1 Qxe5 $19) 35... Bxd4 36. cxd4 Nxf6) 35. Re4 $1 $16 {[%cal Re4a4][%mdl 64] Pin} Qa2 {[%csl Gg3][%cal Ra2h2] [#]} 36. Re2 (36. Qe2 $1 $16 Qxe2 37. Rxe2) 36... Qa4 ({Black should try} 36... Qc4 $14 37. Qxc4 dxc4) 37. Re4 Qa2 {[%csl Gg3][%cal Ra2h2] [#]} 38. Bg1 Nxf6 (38... Bxh4 {keeps more tension.} 39. Rg4 Ng3+ 40. Rxg3 Bxg3 41. Ne3 Qa4) 39. Re2 Qc4 40. Qxc4 dxc4 41. Ne3 Bxh4 42. Ra2 (42. Rb2 $14) 42... a4 43. Nxc4 (43. Rb2 $1 $11) 43... bxc4 $17 44. Rxa4 Nd5 45. Rxc4 Bf6 46. Bd4 Rb8 47. Bd3 (47. Bxf6 $17 Nxf6 48. Rc6) 47... Bxd4 $19 48. Rxd4 Nxc3 {[%mdl 4096] Endgame KRB-KRN} 49. Rd7 Na4 50. Bc4 Rf8 51. Rc7 {[#]} Nb6 (51... Nb2 $1 $19 {has better winning chances.} 52. Ba6 Ra8) 52. Bb3 $17 {[#]} Nc8 $1 53. Bxf7+ Rxf7 54. Rxc8+ {KR-KR} Rf8 55. Rc3 Kh7 56. Kg2 Kg6 57. Kg3 Kh5 (57... Re8 $17) 58. Rc1 (58. Rc5+ $11 {keeps the balance.} Kg6 59. Kg4) 58... g5 (58... Kg5 $17) 59. Rh1+ Kg6 60. Rf1 Rf4 61. Rc1 h5 62. Rc6+ Rf6 63. Rc3 h4+ 64. Kg2 Kh5 65. Rc8 Rb6 ({Black should play} 65... Rf4 $17 66. Rh8+ Kg6) 66. Rh8+ $11 Kg6 67. Rg8+ (67. f4 $1 $11) 67... Kh6 (67... Kf5 $17 68. Kh3 Rb1 69. Rf8+ Ke6 70. Re8+ Kf7) 68. f4 $1 {The position is equal.} Rb2+ 69. Kf3 Rb3+ 70. Kf2 gxf4 71. Rg4 h3 (71... Kh5 {is more complex.} 72. Rxf4 Rg3 73. Rf3 Rg4 74. Rf8 Rg6) 72. Rxf4 Kg5 73. Rf8 h2 74. Kg2 Rb2+ 75. Kh1 Kg4 76. Rf4+ Kxf4 {White happily takes the draw.  Weighted Error Value: White=0.35/Black=0.30} 1/2-1/2

[Event "VII Sunway Sitges Open-TB 2020"]
[Site "Sitges"]
[Date "2020.12.23"]
[Round "1.1"]
[White "Fier, Alexandr"]
[Black "Santos Latasa, Jaime"]
[Result "0-1"]
[WhiteElo "2558"]
[BlackElo "2600"]
[Annotator "TA"]
[PlyCount "142"]
[EventDate "2020.12.13"]
[EventType "k.o."]
[EventCountry "ESP"]
[SourceTitle "playchess.com"]
[Source "ChessBase"]
[SourceQuality "1"]

{[%evp 17,142,0,5,0,0,0,0,0,0,0,0,-73,-77,-108,-43,-45,-26,-57,0,0,10,4,14,11,25,25,77,66,69,69,70,72,64,46,44,43,108,92,87,99,89,73,107,95,136,97,135,128,142,23,3,22,55,55,62,0,0,0,0,0,0,6,6,6,13,0,0,0,0,-1110,-997,-1034,-1011,-1000,-409,-408,-408,-394,-308,-952,-898,-936,-853,-1522,-1396,-1177,-1158,-1129,-1058,-963,-838,-1492,-1470,-1710,-1639,-29978,-3579,-2327,-2105,-2578,-2145,-29974,-29975,-29981,-29981,-29983,-29984,-29984,-29985,-29984,-29981,-29988,-29989,-29990,-29991,-29991,-29992,-29994,-29995,-29995,-29996,-29997,-29998,-29998,-29997,-29997,-29994]} 1. e4 e5 2. Nf3 Nc6 3. Bb5 a6 4. Ba4 Nf6 5. O-O Nxe4 6. d4 b5 7. Bb3 d5 8. a4 b4 9. dxe5 Be6 10. Nbd2 {Black should prevent Nxe4. C80: Open Ruy Lopez: Sidelines and 9 Nbd2.} Be7 11. Nxe4 dxe4 12. Bxe6 {The position is equal.} Qxd1 13. Rxd1 {And now Bd7+ would win.} fxe6 {[#]} 14. Nd2 $146 (14. Ng5 $11) ({Predecessor:} 14. Ng5 Bxg5 15. Bxg5 Nxe5 16. Re1 Nf7 17. Bf4 Nd6 18. Bxd6 cxd6 19. Rxe4 Kd7 20. Rxb4 {1-0 (77) Droin,A (2313)-Kusa,J (2177) chess.com INT 2020}) 14... O-O-O $17 15. Rf1 {[#]} e3 ({Much worse is} 15... Nxe5 $6 16. Nxe4 Nc6 17. c3 $14) ({Black should try} 15... Nd4 $1 $17 {[%cal Rd4e2]} 16. Nxe4 Nxc2) 16. fxe3 $15 Nxe5 17. Ne4 Rhf8 ({Black should play} 17... Nd7 $15) 18. b3 $1 $11 g6 (18... Ng4 {seems wilder.} 19. h3 Rxf1+ 20. Kxf1 Nf6 21. Nf2 Nh5) 19. Bb2 Ng4 20. Rxf8 Bxf8 21. Re1 Bh6 (21... Be7 $11) 22. Bd4 $16 {Strongly threatening h3.} e5 23. Bc5 {Black must now prevent h3.} Bf8 24. h3 {Threatens to win with Bxf8.} Nf6 25. Nxf6 (25. Bxf8 {is interesting.} Rxf8 26. Rf1 Nd7 27. Rd1 Rf5 28. Rd3) 25... Bxc5 $14 {[%mdl 4096] Endgame KRB-KRN} 26. Ne4 Bb6 (26... Be7 $14) 27. Kf2 $16 Rf8+ {[#]} 28. Ke2 $1 Kd7 29. Rd1+ Ke7 30. a5 Ba7 31. g4 h6 32. h4 Ke6 33. Rh1 (33. h5 $16) 33... Kd5 $11 34. Nd2 e4 35. h5 g5 36. Rf1 ({Better is} 36. Rc1 $14) 36... Rxf1 37. Nxf1 {KB-KN} Bc5 38. Ng3 Bf8 39. Nf5 c5 40. Kd2 c4 41. bxc4+ Kxc4 42. Nd4 Bg7 43. Ne6 {[%mdl 8192] Black keeps a firm grip on the game.} (43. Nf5 $11 Bf8 44. Nd4) 43... Bc3+ $19 44. Kd1 Kb5 45. Nd8 Kxa5 46. Nf7 Bg7 47. Nd6 Kb6 48. Nxe4 $2 (48. Nf5 Bb2 49. Nd6) 48... Kc6 49. Kc1 Be5 50. Nf2 a5 {[%cal Ba6a5,Ba5a4][%mdl 32]} 51. Nd3 Kd5 52. Kb1 Bd6 53. Nb2 Ke4 54. Nc4 Bc7 55. Kb2 a4 56. c3 bxc3+ (56... Kd3 $142 57. Na3 bxa3+ 58. Kxa3 Kxe3 59. Ka2 Bd6 60. Kb1 Kd3 61. Kb2 Kc4 62. Kc2 a3 63. Kb1 Kxc3 64. Kc1 a2 65. Kd1 a1=Q+ 66. Ke2 Bg3 67. Kf3 Qe1 68. Kg2 Qf2+ 69. Kh3 Qh2#) 57. Kxc3 Kf3 58. Kb4 Kxg4 59. Kxa4 Kf3 {Black mates.} 60. e4 g4 61. e5 g3 62. e6 Bd8 63. Ne5+ Ke4 64. Nf7 Be7 65. Kb5 g2 66. Kc6 g1=Q 67. Kd7 Qc5 68. Nh8 Qd6+ 69. Ke8 Qxe6 70. Ng6 Bg5+ 71. Kf8 Qg4 {Weighted Error Value: White=0.90/Black=0.25} 0-1

[Event "VII Sunway Sitges Open-TB 2020"]
[Site "Sitges"]
[Date "2020.12.23"]
[Round "1.2"]
[White "Grigoryan, Karen H."]
[Black "Korobov, Anton"]
[Result "0-1"]
[WhiteElo "2659"]
[BlackElo "2683"]
[Annotator "TA"]
[PlyCount "86"]
[EventDate "2020.12.13"]
[EventType "k.o."]
[EventCountry "ESP"]
[SourceTitle "playchess.com"]
[Source "ChessBase"]
[SourceQuality "1"]

{[%evp 15,86,22,8,0,18,-14,12,0,0,0,0,-11,13,14,34,39,134,116,133,135,293,275,290,0,0,0,0,0,0,0,0,-4,0,0,0,0,0,-9,-6,-9,-12,-36,-1,-101,-4,-6,0,-1,0,0,0,-1,0,0,3,0,0,-8,-8,-8,-8,-202,-191,-1464,-1387,-1571,-1542,-12797,-12777,-12797,-12797,-6095,-5102]} 1. d4 Nf6 2. c4 e6 3. Nc3 Bb4 4. Qc2 O-O 5. a3 Bxc3+ 6. Qxc3 d5 7. Nf3 dxc4 8. Qxc4 b6 9. Bg5 {E36: Nimzo-Indian: Classical: 4...d5 5 a3.} Ba6 10. Qc2 c5 {is the legacy move (10...Nbd7).} 11. dxc5 {The position is equal.} bxc5 12. Qxc5 Nbd7 13. Qd4 Qb8 14. g3 Rc8 15. Bg2 Rc2 (15... Nd5 $14) 16. O-O $16 Bxe2 {[#]} 17. Rfc1 $146 ({Predecessor:} 17. Rfe1 Nd5 18. Nd2 Bb5 19. a4 Bc6 20. Rac1 Rxc1 21. Rxc1 Bb7 22. Nc4 N5b6 23. Nxb6 Nxb6 24. Bf4 {1-0 (24) Hoang,T (2408)-Sachdev,T (2391) Ashkhabad 2017}) 17... Rxb2 (17... Rxc1+ $16 {was worth a try.} 18. Rxc1 Nd5) 18. Bxf6 $18 Nxf6 {[#]} 19. Ne5 $2 (19. Ng5 $1 $18) 19... Nd5 $1 $11 20. Bxd5 exd5 21. Qxd5 Qb7 22. Qxb7 Rxb7 23. Rc2 Bh5 24. Rac1 {Threatening mate with Rc8+.} Re8 25. Rc8 {[%cal Rc8e8]} (25. Rc7 {feels hotter.} Rxc7 26. Rxc7 f6 27. Nc6 Bf3 28. Kf1) 25... f6 26. Nd3 Rxc8 27. Rxc8+ {[%mdl 4096] Endgame KRB-KRN} Kf7 28. Kg2 Bg4 29. Rc6 {[#]} (29. Rc3 $11 {remains equal.}) 29... Bd7 ({Better is} 29... Rb3 $1 $17 {[%cal Rb3d3]} 30. Rc7+ Kg8) 30. Rc3 Be6 31. Kf3 Rb3 32. Rxb3 Bxb3 {KB-KN} 33. Ke3 g5 34. Kd4 h5 35. Kc5 Ke6 36. Kc6 {Threatens to win with Nc5+.} Kf5 37. Nc5 Bd1 38. h3 $2 (38. Kd6 $11 {and White stays safe.}) 38... h4 39. Kb5 $2 (39. Kd5) 39... Be2+ $19 {Black is clearly winning.} 40. Kc6 Bf1 41. gxh4 gxh4 42. Kb7 Bxh3 43. Kxa7 Bg2 {What a bad dream for White.  Weighted Error Value: White=0.74/Black=0.21} 0-1

[Event "VII Sunway Sitges Open-TB 2020"]
[Site "Sitges"]
[Date "2020.12.23"]
[Round "1.2"]
[White "Santos Latasa, Jaime"]
[Black "Fier, Alexandr"]
[Result "1-0"]
[WhiteElo "2600"]
[BlackElo "2558"]
[Annotator "TA"]
[PlyCount "73"]
[EventDate "2020.12.13"]
[EventType "k.o."]
[EventCountry "ESP"]
[SourceTitle "playchess.com"]
[Source "ChessBase"]
[SourceQuality "1"]

{[%evp 11,73,46,41,12,34,7,17,11,31,18,27,28,41,32,107,106,117,97,108,72,67,76,85,43,74,67,65,81,61,77,68,62,93,12,33,18,14,4,240,191,208,212,511,512,757,713,701,585,593,585,579,502,747,707,1152,1136,2158,1111,1054,1018,2075,1991,29998,29999]} 1. e4 Nf6 2. e5 Nd5 3. d4 d6 4. Nf3 Nb6 5. Be2 g6 6. O-O Bg7 7. h3 {B04: Alekhine's Defence: 4 Nf3.} O-O 8. Re1 $5 {[%mdl 4] A promising side line.} Nc6 {[%cal Rd6e5]} 9. exd6 {The position is equal.} cxd6 {[#]} 10. d5 $146 ({Predecessor:} 10. Bg5 f6 11. Be3 e5 12. Nc3 Qe7 13. dxe5 dxe5 14. Bxb6 axb6 15. Nd5 Qd8 16. Bc4 Kh8 17. Qe2 f5 18. c3 {½-½ (18) Etchegaray,P (2270)-Lahilhanne,P (2090) Montpellier 1991}) 10... Nb4 11. c4 $1 Bf5 12. Na3 Rc8 {[#]} (12... Re8 $14) 13. Nd4 $1 $16 Bd7 14. Be3 Na4 15. Qd2 a5 16. Nb1 f5 17. f4 Na6 18. b3 N4c5 19. Nc3 a4 20. Rab1 axb3 21. axb3 Nb4 22. Nd1 (22. Ncb5 $16 Nba6 23. Nc3) 22... Qa5 23. Nf2 {[%cal Bd1f2,Bf2d3,Bd3b2][%mdl 32]} Ra8 24. Kh2 Nca6 $2 {This costs Black the game.} (24... Rfe8 $11) 25. Nd3 {Hoping for Ra1.} Qa2 {[#] aiming for ...Qxd2.} 26. Nb2 $1 {Ra1 is the strong threat.} ({Inferior is} 26. Nxb4 Qxd2 27. Bxd2 Bxd4 $11) 26... Bxd4 $2 (26... Qa5 27. Nc2 Qa2) 27. Bxd4 $18 ({And not} 27. Qxd4 Nc2 $11) 27... Qxb3 {intending ...Qc2.} 28. Bd1 Qa2 29. Rxe7 {White wants to mate with Rg7+.} Rf7 30. Rxf7 Kxf7 31. Rc1 Re8 32. Bc3 {And now Qd4 would win.} Qa3 33. Qd4 {[%csl Gc3][%cal Rd4g7]} Rf8 34. Qf6+ Ke8 35. Qxd6 {Black must now prevent Ba4!} Rf7 {[#]} 36. Ba4 $1 {[%mdl 512] Intending Re1+ and mate.} Bxa4 (36... Nc2 37. Re1+) 37. Re1+ {Weighted Error Value: White=0.21/Black=0.77} 1-0

[Event "VII Sunway Sitges Open-TB 2020"]
[Site "Sitges"]
[Date "2020.12.23"]
[Round "1.2"]
[White "Nevednichy, Vladislav"]
[Black "Moussard, Jules"]
[Result "0-1"]
[WhiteElo "2546"]
[BlackElo "2626"]
[Annotator "TA"]
[PlyCount "80"]
[EventDate "2020.12.13"]
[EventType "k.o."]
[EventCountry "ESP"]
[SourceTitle "playchess.com"]
[Source "ChessBase"]
[SourceQuality "1"]

{[%evp 18,80,16,14,31,29,33,-4,0,0,0,-78,-77,-77,-77,-66,-77,-100,-95,-93,-102,-106,-101,-110,-105,-132,-76,-409,-408,-391,-394,-346,-350,-641,-641,-641,-645,-645,-645,-595,-539,-641,-639,-639,-591,-591,-591,-591,-591,-737,-598,-728,-706,-1174,-1131,-1546,-1498,-1337,-1109,-2033,-1985,-29980,-29981,-29997,-29998]} 1. e4 c5 2. Nf3 d6 3. d4 cxd4 4. Nxd4 Nf6 5. Nc3 a6 6. a4 g6 7. Be2 Bg7 8. O-O O-O 9. Be3 Nc6 10. Qd2 Ng4 {B90: Sicilian Najdorf: Unusual White 6th moves, 6 Be3 Ng4 and 6 Be3 e5.} 11. Bxg4 Bxg4 12. f4 {[#]} Nxd4 $146 {The position is equal.} ({Predecessor:} 12... Bd7 13. Nb3 b6 14. Nd5 Rb8 15. Qf2 Bxb2 16. Rab1 Bg7 17. Bxb6 Qc8 18. a5 e6 {1-0 (31) Varshini,V (2105)-Harazinska,E (2087) Porto Carras 2015}) 13. Bxd4 e5 14. fxe5 (14. Be3 $11) 14... dxe5 $17 15. Be3 Qxd2 16. Bxd2 Rac8 17. Rfc1 Be6 18. a5 Rfd8 19. Be3 Bf8 20. Nd1 Bc5 $36 {[%mdl 2048] Black is really pushing.} 21. Kf2 f5 (21... Bb4 $142 22. Kg1 Bd2 23. Bxd2 Rxd2) 22. Ke2 $2 {[%mdl 8192]} (22. Bxc5 $17 {is more resistant.} Rxc5 23. Ke2) 22... Bc4+ $19 23. Ke1 {[#]} Rxd1+ $1 {[%mdl 576] Remove Defender} 24. Rxd1 {Strongly threatening Bxc5.} Bxe3 25. Rd7 $2 (25. exf5 gxf5 26. c3) 25... Bb5 26. Rxb7 Rxc2 {[%mdl 64] And now ...Bd3 would win. Double Attack} 27. Rxb5 axb5 {[%mdl 4096] Endgame KRB-KR} 28. a6 Rc7 29. exf5 gxf5 30. Ra5 Ra7 31. Rxb5 Bd4 32. Ra5 Bxb2 {[#] aiming for ...Bc3+.} 33. Ke2 Kf7 34. Kf3 Ke6 35. h4 h5 36. g3 Bd4 37. Ra4 e4+ 38. Kf4 Be5+ 39. Kg5 Bxg3 40. Kxh5 Kf6 {[%cal Ra7h7] Black took control after the opening.  Weighted Error Value: White=0.72/Black=0.08} 0-1

[Event "VII Sunway Sitges Open-TB 2020"]
[Site "Sitges"]
[Date "2020.12.23"]
[Round "2.1"]
[White "Korobov, Anton"]
[Black "Checa, Nicolas"]
[Result "1-0"]
[WhiteElo "2683"]
[BlackElo "2527"]
[Annotator "TA"]
[PlyCount "67"]
[EventDate "2020.12.13"]
[EventType "k.o."]
[EventCountry "ESP"]
[SourceTitle "playchess.com"]
[Source "ChessBase"]
[SourceQuality "1"]

{[%evp 10,66,23,24,20,21,23,24,45,42,41,8,12,10,8,14,51,41,44,40,66,49,38,24,39,4,19,24,30,15,154,164,156,125,251,251,257,254,411,407,407,421,452,441,433,432,394,383,522,522,523,507,632,535,535,535,29998,29999,29999]} 1. d4 d5 2. c4 c6 3. Nc3 Nf6 4. cxd5 cxd5 5. Bg5 e6 6. e3 Nc6 {D10: Slav Defence: 3 cxd5 (without early Nf3) and 3 Nc3.} 7. Bd3 h6 8. Bh4 a6 {White has an edge.} 9. Rc1 Be7 10. f4 O-O 11. Nf3 Ng4 12. Bxe7 {[#]} Qxe7 $146 ({Predecessor:} 12... Nxe7 13. Qe2 Nf5 14. Nd1 Bd7 15. O-O Ba4 {0-1 (49) Walter,M-Gruenfeld,E Moravska Ostrava 1923}) 13. Qd2 Bd7 14. O-O Rfc8 15. h3 Nf6 16. Ne5 Be8 17. Rf3 Rc7 18. Rcf1 Rac8 19. Qf2 Na5 {[#]} (19... Nb4 $11 20. Bb1 Ne4 21. Nxe4 (21. Bxe4 dxe4 22. Nxe4 f6 $17) 21... dxe4 22. Bxe4 Bb5) 20. f5 $1 $16 Nc4 21. fxe6 fxe6 {A mistake that costs the game.} (21... Nxe5 $16 22. dxe5 Ne4 23. Nxe4 dxe4 24. Bxe4 (24. exf7+ Bxf7 25. Bxe4 Qxe5 $16) 24... Qxe6) 22. Bxc4 $18 dxc4 23. Qh4 {[%cal Rf3f6] aiming for Rxf6.} Nd5 (23... Nh7 {might work better.} 24. Qg4 h5) 24. Qg4 Nxc3 25. bxc3 b5 26. Rf8+ {[%mdl 64] [#] Deflection} Qxf8 27. Rxf8+ Kxf8 28. Qxe6 a5 29. d5 {And now d6 would win.} Rd8 {and the idea ...Re7 leaves Black hopeful.} 30. d6 Ra7 31. e4 b4 32. d7 bxc3 33. dxe8=Q+ Rxe8 34. Ng6# {Weighted Error Value: White=0.09/Black=0.60} 1-0

[Event "VII Sunway Sitges Open-TB 2020"]
[Site "Sitges"]
[Date "2020.12.23"]
[Round "2.1"]
[White "Santos Latasa, Jaime"]
[Black "Moussard, Jules"]
[Result "1/2-1/2"]
[WhiteElo "2600"]
[BlackElo "2626"]
[Annotator "TA"]
[PlyCount "93"]
[EventDate "2020.12.13"]
[EventType "k.o."]
[EventCountry "ESP"]
[SourceTitle "playchess.com"]
[Source "ChessBase"]
[SourceQuality "1"]

{[%evp 17,93,81,90,83,97,59,65,58,87,77,80,63,82,44,70,54,105,95,108,103,80,87,95,96,127,111,132,110,111,93,281,289,283,286,475,115,104,12,13,-213,-232,-322,-314,-448,-446,-522,-507,-468,-383,-447,-456,-839,-831,-843,-814,-29973,-29975,-29972,-29973,-29978,-29979,-29982,-9475,-5614,0,-29982,-29983,-29990,-29991,-29991,-29972,-29961,0,-29991,0,-12834,0,-29976]} 1. d4 d6 2. e4 g6 3. c4 Bg7 4. Nc3 Nc6 5. d5 Nd4 6. Be3 c5 7. Nge2 Nxe2 8. Bxe2 Nf6 9. O-O O-O 10. h3 {A42: Modern Defence: Averbakh Variation.} e6 11. Qd2 exd5 12. exd5 {[#] White is slightly better.} Bf5 $146 ({Predecessor:} 12... Re8 13. Bd3 a6 14. a4 Nd7 15. Rae1 Qc7 16. Bh6 Nf6 17. Bxg7 Kxg7 18. Rxe8 Nxe8 {0-1 (40) Stankovic,Z (2228)-Zozulia,A (2347) Ascona 2007}) 13. g4 Bd7 14. Rae1 Re8 15. Bd3 h5 16. f3 Rxe3 17. Rxe3 $16 ({But not} 17. Qxe3 Nxd5 18. Qd2 (18. cxd5 $2 Bd4 $19) 18... Nxc3 $11) 17... Bh6 18. g5 Bxg5 19. f4 Bh6 20. Qf2 $36 {[%mdl 2048] Black is under strong pressure.} Qf8 21. Rfe1 a6 22. a4 Qc8 23. Qh4 Kg7 {[#]} (23... Nh7 $16) 24. Bxg6 $1 $18 {[%mdl 512]} Kxg6 25. Rg3+ Ng4 $2 (25... Bg4 {might work better.}) 26. hxg4 $2 (26. Re7 $18 {is more deadly. aiming for Ne4.} Qh8 27. hxg4 (27. Rxd7 Qd4+ 28. Kh1 Qxf4 $16) 27... Bxg4 28. f5+ Kg7 29. Ne4 (29. Qxh5 $2 Be3+ 30. Rexe3 Qxh5 $19)) 26... Bxg4 $16 27. Rf1 (27. Qe7 $16) 27... Qf5 $1 $11 {Threatening ...Re8.} 28. Nd1 $2 (28. Qe7 $11 {and White has nothing to worry.}) 28... Bxf4 $19 29. Rg2 {[#]} Re8 $1 30. Nf2 (30. Qf2 {was worth a try.} Re4 31. Qc2) 30... Re2 31. Nxg4 Rxg2+ 32. Kxg2 hxg4 {[%mdl 4096] Endgame KQR-KQB} 33. Qe1 Qe5 34. Qxe5 (34. Qb1+ $142 f5 35. Qd3) 34... Bxe5 {KR-KB} 35. a5 f5 36. Rb1 f4 37. b4 f3+ 38. Kf2 Kf5 39. bxc5 Bd4+ (39... Kf4 $142 40. Rd1 g3+ 41. Kf1 dxc5 42. Rd2 Bd4 43. d6 Ke3 44. Rxd4 g2+ 45. Kg1 cxd4 46. d7 Ke2 47. d8=Q f2+ 48. Kxg2 f1=Q+ 49. Kg3 Qf3+ 50. Kh4 d3 51. Qe7+ Qe3 52. Qa3 Qf4+ 53. Kh5 Qf5+ 54. Kh6 Qf6+ 55. Kh7 d2 56. Qa2 Ke1 57. Qb3 d1=Q 58. Qe3+ Qe2 59. Qxe2+ Kxe2 60. c5 Qf8 61. c6 bxc6 62. Kg6 Kf3 63. Kg5 Qf7 64. Kh6 Qg8 65. Kh5 Qg7 66. Kh4 Qh6#) 40. Kg3 Be5+ (40... dxc5 $19 41. Rb6 Be5+ 42. Kf2 Kf4) 41. Kf2 {With the idea c6.} Kf4 42. Rd1 g3+ 43. Kf1 Ke3 44. Re1+ Kf4 45. Rd1 Ke3 (45... g2+ $142 46. Kf2 dxc5 47. d6 Kg4 48. d7 Bg3+ 49. Ke3 Bh4 50. d8=Q Bxd8 51. Ke4 {[#]} f2 $1 52. Rxd8 g1=Q 53. Rg8+ Kh5 54. Rh8+ Kg6 55. Rg8+ Kf7 56. Rxg1 fxg1=Q 57. Kd3 Qd1+ 58. Ke3 Ke6 59. Kf2 Kf5 60. Ke3 Kg4 61. Kf2 Qd2+ {[%mdl 64] Double Attack} 62. Kf1 Kh3 63. Kg1 Qg2#) 46. Re1+ Kf4 (46... Kd2 $19 47. Re4 Kd3 48. Rxe5 dxe5) 47. Rd1 {[%mdl 32768] Weighted Error Value: White=0.67/Black=0.79. An unexpected result.} 1/2-1/2